000 00773nam a2200217Ia 4500
003 GCL
008 140319s9999 xx 000 0 ara d
040 _aGCL /
_cGCL
082 0 4 _a001.5544
_bح ت
100 1 _aحسن عماد مكاوى
245 1 0 _aتكنولوجيا الاتصال الحديثة فى عصر المعلومات /
_cحسن عماد مكاوى
260 _a[S.N] :
_bالدار المصرية اللبنانية ،
_c1993
490 _a
650 0 4 _aالاتصالات
650 0 4 _aوسائل الاعلام
650 0 4 _aالاتصالات الالكترونية
650 0 4 _aالاتصالات عبر الاقمار الصناعية
650 0 4 _aوسائل الاتصال
650 0 4 _aنظرية المعلومات
942 _2ddc
_cBK
999 _c30631
_d30631